000 00565nam a2200181Ia 4500
001 20055
005 20260306172738.0
008 260306t2013||||xx |||||||||||||| ||spa||
041 _aESP
082 _a342.211
_bG11
100 _aGabriel Maino, Carlos Alberto
_eAUT
245 0 _aConcepto y fundamento de los derechos humanos:
_ba la luz del pensamiento del profesor Francisco Puy, una perspectiva actual desde el iusnaturalismo español
260 _c2013
300 _a242 páginas :
_c24 cm.
650 _aGEN
654 _aCDE
942 _cLIB
_dJUS
_fJUS
_2ddc
_n
999 _c20055
_d20055